| 000 | 01148nam a22003377a 4500 | ||
|---|---|---|---|
| 001 | 034 | ||
| 003 | DO-SdBNP | ||
| 005 | 20180219160518.0 | ||
| 007 | 034 | ||
| 008 | 151005b 1992 sp a 00| 0 spa d | ||
| 020 | _a8434809990 | ||
| 040 |
_aBPMSU _bspa _cBPMSU |
||
| 092 |
_aXXXX _bXXXX |
||
| 100 | 1 | _aRuben, Hilary | |
| 240 | 1 |
_aKimathi of the mountain / _f1982 _leng |
|
| 245 | 1 | 0 |
_aKimazi y la montaña / _cHilary Ruben ; ilustración Carlos Parrilla ; traducción Pedro Barbadillo ; dirección de la colección Marinella Terzi |
| 250 | _a11a. ed. | ||
| 260 |
_aMadrid : _bEdiciones SM, _c1992. |
||
| 300 |
_a101 p. : _bil. ; _c19 cm. |
||
| 490 | 1 |
_aEl barco de vapor _v11 |
|
| 500 | _aEsta es la historia de un muchacho KIKIYU que escaló el Kerinyaga (más conocido por los extranjeros como Monte Kenya) en busca de Dios. | ||
| 521 | 1 | _aA partir de los 9 años | |
| 700 | 1 | 2 |
_aParrilla, Carlos _eil. |
| 700 | 1 | 2 |
_aBarbadillo, Pedro _etrad. |
| 700 | 1 | 2 |
_aTerzi, Marinella _edir. colección |
| 830 | 0 |
_aBarco de vapor _n11 _gNaranja |
|
| 910 | _a202 | ||
| 942 |
_2ddc _cBK |
||
| 945 | _aInventariado, 2018/ YL | ||
| 956 |
_aYLOCKWARD _b10 _cBPMSU |
||
| 999 |
_c8357 _d8357 |
||